| 000 | 00839nam a2200241 a 4500 | ||
|---|---|---|---|
| 005 | 20240925064537.0 | ||
| 008 | 030528s2000 mx r 000 0 spa d | ||
| 020 | _a970240052X | ||
| 035 | _aUPN01000124750 | ||
| 049 | _aCG | ||
| 050 | 4 |
_aLB1062 _bL6.5 |
|
| 100 | 1 | _aLongoria Ramírez, Ramón | |
| 245 | 1 | 0 |
_aPensamiento creativo / _cRamón Longoria Ramírez, Irma Laura Cantú Hinojosa, José Daniel Ruiz Sepúlveda ; colab. Gerardo Antonio Rodríguez Hernández. |
| 260 |
_aMéxico : _bCECSA, _c2000. |
||
| 300 | _a352 p. | ||
| 440 | 0 | _aEstudios generales | |
| 650 | 4 |
_aPensamiento creativo (Educación) _95414 |
|
| 650 | 2 |
_aCreatividad _95008 |
|
| 700 | 1 |
_aCantú Hinojosa, Irma Laura, _ecoaut. |
|
| 700 | 1 |
_aRuiz Sepúlveda, José Daniel, _ecoaut. |
|
| 700 | 1 |
_aRodríguez Hernández, Gerardo Antonio, _ecolab. |
|
| 905 | _aLibro | ||
| 999 |
_c96929 _d96929 |
||